| 000 | 00658nam a22002057a 4500 | ||
|---|---|---|---|
| 003 | OSt | ||
| 005 | 20260629154624.0 | ||
| 008 | 260629b |||||||| |||| 00| 0 eng d | ||
| 020 | _a9781542408899 | ||
| 040 | _cChuka University Library | ||
| 050 | _aLB 3013.3 .F66 2017 | ||
| 100 |
_aFonseca, Christine _931735 |
||
| 245 | _aTransforming School Climate Through Innovative Solutions | ||
| 260 |
_aCalifornia _bCollaborative Learning Solutions _c2017 |
||
| 300 |
_a83p _bReferences and Illustrations |
||
| 650 |
_aSchool Environment _929931 |
||
| 650 |
_aSchool Improvement Programs _911613 |
||
| 650 |
_aEducational Leadership _911614 |
||
| 942 |
_2lcc _cBK _n0 |
||
| 999 |
_c25473 _d25473 |
||